000 00474nam a22001817a 4500
003 MPLRDC
005 20220104190634.0
008 210129b ||||| |||| 00| 0 eng d
020 _a978-957-08-3434-5
082 _a425.4 BRO
100 _aBOBBI BROWN
245 _a芭比。波朗玩美彩妆
_c钟玉玲 译
250 _a初版六刷
260 _a台湾
_b联经出版事业股份有限公司
_c2009
300 _b
650 _a化妆
942 _cBK
_o425.4 BRO
999 _c63885
_d63875